000 00797nam a2200277 4500
001 sjds160010
003 sjds
005 20161006144334.0
007
008
020 _a9780516516431 (Spanish ; pbk.)
020 _a0516516434 (Spanish ; pbk.)
040 _csjds
041 _aspa
082 _a363.2/3
100 _aRay Broekel.
245 _aLa policía
_cpor Ray Broekel ; traductora, Lada Kratky ; consultante, Orlando Martínez-Miller.
260 _aChicago :
_bChildrens Press,
_c©1984.
300 _a45 pages
_c21 cm
440 _aAsí es mi mundo
520 _aAn introduction to the activities of our helpful police.
650 _aPolice
_vJuvenile literature.
650 _aSpanish language materials.
700 _aKratky, Lada
_etranslator
942 _2ddc
_cBK
999 _c16279
_d16279